The art of medicine in ancient Egypt /

محفوظ في:

المؤلف الرئيسي: Allen, James P., 1945- (مؤلف)

مؤلف مشترك: Metropolitan Museum of Art (New York, N.Y.)

مؤلفون آخرون: Mininberg, David T.

التنسيق: كتاب

اللغة: English

الموضوعات:

الوسوم: إضافة وسم

لا توجد وسوم, كن أول من يضع وسما على هذه التسجيلة!

رقم الطلب: R137 .A55 2005

LEADER 01685namaa2200337 4500
001 15474
003 OSt
005 20210801093232.0
008 130303s2005 nyua g bc 000 0 eng d
952 |0 0  |1 0  |2 lcc  |4 0  |6 R0137 A55 02005  |7 1  |9 17263  |a ARCE  |b ARCE  |d 2021-08-01  |l 0  |o R137 .A55 2005  |p 1039039  |r 2021-08-01 00:00:00  |w 2021-08-01  |y BK 
999 |c 14093  |d 14093 
010 |a 2005016908 
020 |a 1588391701 
040 |c ARCE Library 
043 |a f-ua--- 
050 0 4 |a R137 .A55 2005 
100 1 |a Allen, James P.,  |d 1945-  |e author 
245 1 4 |a The art of medicine in ancient Egypt /  |c James P. Allen ; with an essay by David T. Mininberg. 
264 1 |a New York :  |b Metropolitan Museum of Art ;  |a New Haven :  |b Yale University Press,  |c 2005. 
300 |a 115 pages :  |b color illustrations ;  |c 28 cm. 
500 |a "This volume has been published in conjunction with the exhibition "The art of medicine in ancient Egypt," held at The Metropolitan Museum of Art, New York, from September 13, 2005, to January 15, 2006." 
504 |a Includes bibliographical references. 
505 0 |a  Director's foreword / Philippe de Montebello -- Acknowledgments / James P. Allen -- Contributors to the catalogue -- List of abbreviations -- The art of medicine in ancient Egypt / James P. Allen -- The legacy of ancient Egyptian medicine / David T. Mininberg -- Note to the reader -- Catalogue. 
555 |a wafaa.lib. 
650 0 |a History, Ancient  |v Exhibitions. 
650 0 |a History, Ancient  |z Egypt  |v Catalogs. 
650 0 |a Medicine, Egyptian  |v Exhibitions. 
700 1 |a Mininberg, David T.  |9 36034 
710 2 |a Metropolitan Museum of Art (New York, N.Y.) 
901 |a reviewed 
942 |c BK  |2 lcc